000 00503nam a2200193 a 4500
001 1764920667325
003 ACL
005 20251205131612.0
008 251205s2001##################000#0#eng##
020 _a9781402000300
082 0 4 _a629.416
_bDAG
100 1 _aDaglis, I.A.,
_eauthor.
245 1 0 _aSpace Storms and Space Weather Hazards :
260 _bSpringer Science & Business Media,
_c2001.
300 _a502 pages
650 0 _aMathematics.
942 _cENGLISH
040 _aACL
_beng
_cACL
999 _c600339
_d600339